Das 15. Jahrhundert - Statistiken

Allgemein
  • Dieses Quiz wurde 70 mal gespielt
    65 seit der letzten Aktualisierung
  • Das Durchschnittsergebnis liegt bei 17 aus 22
Antwortstatistiken
Jahr Ereignis % Korrekt
1452 In der Toskana wird der Künstler und Universalgelehrte {Leonardo} da Vinci geboren.
98%
1492 {Christoph} {Kolumbus} bricht im Auftrag der spanischen Krone mit den drei Schiffen Santa Maria, Niña und Pinta auf, um einen Seeweg nach Indien in westlicher Richtung zu finden.
96%
1406 Der chinesische Kaiser Yongle beginnt in der Stadt {Peking} mit dem Bau der Verbotenen Stadt.
96%
1483 In Eisleben wird der Reformator {Martin} {Luther} geboren, der 1517 durch seine 95 Thesen bekannt wurde.
96%
1428 Mit dem Zusammenschluss der Stadtstaaten Tenochtitlan, Texcoco und Tlacopan wird der Grundstein für die Entstehung des {Azteken}reichs im heutigen Mexiko gelegt.
96%
1453 Das Osmanische Reich erobert die Stadt {Konstantinopel} und besiegelt den Untergang des Byzantinischen Reichs.
94%
1401 In Hamburg werden der Pirat Klaus {Störtebeker} und viele seiner Vitalienbrüder hingerichtet.
94%
1415 Jan Hus wird im Rahmen des Konzils von Konstanz als Ketzer auf dem {Scheiterhaufen} verbrannt.
94%
1454 Mit dem von ihm erfundenen Verfahren mit beweglichen Lettern druckt Johannes {Gutenberg} seine erste Bibel.
94%
1429 Im Hundertjährigen Krieg gelingt es der französischen Widerstandskämpferin {Jeanne} {d’Arc}, die englische Belagerung von Orléans zu durchbrechen.
92%
1486 Sandro Botticelli malt sein berühmtes Bild "Die Geburt der {Venus}" mit einer großen Muschel im Zentrum.
81%
1477 In {Japan} beginnt mit der sogenannten Sengoku-Periode eine lange Zeit ununterbrochener Bürgerkriege.
77%
1432 Die Portugiesen beginnen mit der Besiedlung der kurz zuvor entdeckten Inselgruppe der {Azoren} im Atlantik.
75%
1499 Nachdem er einen Seeweg nach Indien um das Kap der Guten Hoffnung entdeckt hat, kehrt der portugiesische Seefahrer {Vasco} {da} {Gama} nach Portugal zurück.
73%
1478 In Lübeck wird das heutige Wahrzeichen der Stadt, das {Holsten}tor, fertiggestellt.
71%
1485 Nach seinem Sieg gegen Richard III. in der Schlacht von Bosworth Field besteigt mit Heinrich VII. der erste König aus dem Haus {Tudor} den englischen Thron.
71%
1410 In der Schlacht bei Tannenberg erleidet der Deutsche {Orden} eine entscheidende Niederlage gegen die Polen und Litauer.
54%
1400 Der englische König Heinrich IV. lässt seinen entthronten Vorgänger {Richard} II. in der Gefangenschaft verhungern.
48%
1434 Der flämische Maler Jan van {Eyck} vollendet sein berühmtes Gemälde "Die Arnolfini-Hochzeit".
46%
1467 Karl der {Kühne} wird Herzog von Burgund; sein übersteigerter Ehrgeiz, ein großes Reich zu schaffen, sollte zehn Jahre später zum Untergang des Herzogtums Burgund führen.
40%
1492 Mit der Einnahme Granadas durch die Katholischen Könige ist die Rückeroberung der Iberischen Halbinsel (spanisch "{Reconquista}") von den Muslimen abgeschlossen.
38%
1417 Mit der Wahl des Papstes Martin V. wird die Zeit der konkurrierenden Papstansprüche, das sogenannte Abendländische {Schisma}, beendet.
31%
Keine übereinstimmenden Quizze gefunden
Verteilung der Resultate
Anzahl Personen mit jedem Resultat
Perzentil nach korrekt beantworteten Fragen
Ihre Resultats-Entwicklung
Sie haben dieses Quiz seit der letzten Aktualisierung nicht gespielt